Datum a čas kvízu
31
Celkem bodů
Celkový počet nahraných bodů na tomto kvízu bez doplňovacích otázek.
7.
Pořadí na kvízu
Konečné umístění týmu na tomto kvízu.
Zaznamenané odpovědi
| # | Otázka | Odpověď | Body | Výsledky |
|---|---|---|---|---|
| 1. | Minulý týden vydalo české vývo... | Kingdom Come (Deliverance II) | 1 | |
| 2. | 54letá učitelka Gill Punt z br... | A) za ledního medvěda | 0 | |
| 3. | Britská kapela, která byla zal... | Black Sabbath | 1 | |
| 4. | Jedna japonská automobilka ve... | Nissan, Honda | 1 | |
| 5. | Která tenistka v pondělí na so... | Petra Kvitová | 0 | |
| 6. | Kterým slovem na písmeno K se... | kapsid(a) | 1 | |
| 7. | Který zvířecí přívlastek získa... | prasečí | 0 | |
| 8. | Přiřaďte viry k onemocněním, k... | 1B 2A 3D 4C | 1 | |
| 9. | Viry mají svou genetickou info... | U (uracil) | 0 | |
| 10. | V oblíbené ptačí rezervaci z n... | Pandemie | 1 |